书目信息 |
| 题名: |
白化文文集
|
|
| 作者: | 白化文 著 | |
| 分册: | 第九卷 退士闲篇 | |
| 出版信息: | 北京 中国书籍出版社 2017 |
|
| 页数: | 284页 | |
| 开本: | 23cm | |
| 丛书名: | ||
| 单 册: | ||
| 中图分类: | C532 , I267.1 | |
| 科图分类: | ||
| 主题词: | 随笔--中国--当代--选集 | |
| 电子资源: | ||
| ISBN: | 978-7-5068-6397-1 | |
| 000 | 00935nam0 2200253 45 | |
| 001 | 012001005520 | |
| 005 | 20181010094239.07 | |
| 010 | @a978-7-5068-6397-1@dCNY58.00 | |
| 100 | @a20171222d2017 em y0chiy50 ea | |
| 101 | 0 | @achi |
| 102 | @aCN@b110000 | |
| 105 | @aa z 000cy | |
| 106 | @ar | |
| 200 | 1 | @a白化文文集@9bai hua wen wen ji@h第九卷@i退士闲篇@f白化文著 |
| 210 | @a北京@c中国书籍出版社@d2017 | |
| 215 | @a284页@c图,照片@d23cm | |
| 330 | @a本书主要收录“阐明或说希望表扬诸位大名家的优秀著作的小文及相关文字”“以为传道之助”。编辑仍旧本此宗旨,除调出几篇关于北京的人和事的文章,主要是把别书中寿辞、碑文都集中调整了过来。分辑则是将序言与自序合为一辑,另增一辑“寿辞和碑文”。 | |
| 517 | 1 | @a退士闲篇@9tui shi xian pian |
| 606 | 0 | @a随笔@y中国@z当代@j选集 |
| 690 | @aC532@v5 | |
| 690 | @aI267.1@v5 | |
| 701 | 0 | @a白化文@9bai hua wen@4著 |
| 801 | 0 | @aCN@b上海新华@c20180901 |
| 905 | @b1174229-30@dC532@e398:9@f2 | |
| 白化文文集.第九卷.退士闲篇/白化文著.-北京:中国书籍出版社,2017 |
| 284页:图,照片;23cm |
| ISBN 978-7-5068-6397-1:CNY58.00 |
| 本书主要收录“阐明或说希望表扬诸位大名家的优秀著作的小文及相关文字”“以为传道之助”。编辑仍旧本此宗旨,除调出几篇关于北京的人和事的文章,主要是把别书中寿辞、碑文都集中调整了过来。分辑则是将序言与自序合为一辑,另增一辑“寿辞和碑文”。 |
| ● |
| 相关链接 |
|
|
|
|
正题名:白化文文集
索取号:C532/398:9
 
预约/预借
| 序号 | 登录号 | 条形码 | 馆藏地/架位号 | 状态 | 备注 |
| 1 | 1174229 | 211742293 | 第一样本阅览室/ [索取号:C532/398:9] | 在馆 | |
| 2 | 1174230 | 211742300 | 第一借阅区/ [索取号:C532/398:9] | 在馆 |